LDR 00769nam a2200181 i 4500 001 000000255199 003 CaOOAMICUS 005 20170731000000.0 008 170731s1829 it u000 u ita u 013 $a234104 026 $ai,e- ile. nohe tote (7) 1829 (A) 040 $aSeMil$bita 245 10$aVol. 2. Parte 1. 300 $a581, [3] p. 773 0 $aFleming, John <1785-1857>$tFilosofia zoologica, ossia Prospetto generale della struttura funzioni, e classificazioni degli animali. Del dottore Giovanni Fleming ... Traduzione dall'inglese.$dPavia : Nella Stamperia Fusi e C., 1829.$g2$w()5334 850 $aSeMil 852 $aSeMil$W1$xVenegono$y1$m3XC III 11 FA$j205545$B205545$CSeMilBibl$Z2$F218870 $8I 996 $6245$aVol. 2. Parte 1$9(OLS)http://semarc/title/300408